Online
Catalog

Manual de comercio exterior : (Record no. 21669)

MARC details
000 -CABECERA
campo de control de longitud fija 00906nam a2200229 a 4500
001 - NÚMERO DE CONTROL
campo de control 000022171
005 - FECHA Y HORA DE LA ÚLTIMA TRANSACCIÓN
campo de control 20200930011619.0
008 - DATOS DE LONGITUD FIJA--INFORMACIÓN GENERAL
campo de control de longitud fija 100917s1968 sp r 001 0 spa d
040 ## - FUENTE DE LA CATALOGACIÓN
Centro catalogador/agencia de origen DO-SdBNP
Lengua de catalogación spa
Centro/agencia transcriptor BNPHU
082 ## - NÚMERO DE LA CLASIFICACIÓN DECIMAL DEWEY
Número de clasificación xxxx
Número de documento/Ítem P187m
049 ## - FONDOS LOCALES (OCLC)
Fondos de biblioteca BNGR
100 1# - ENTRADA PRINCIPAL--NOMBRE DE PERSONA
Nombre de persona Pan Ligny, Gerard Le,
9 (RLIN) 45873
245 10 - MENCIÓN DE TÍTULO
Título Manual de comercio exterior :
Resto del título práctica de la exportación - importación /
Mención de responsabilidad, etc. Gerard Le Pan de Ligny ; prólogo Tirso de Olazábal , Ruiz de Arana ; traducción José San Miguel Montorio.
260 ## - PUBLICACIÓN, DISTRIBUCIÓN, ETC.
Lugar de publicación, distribución, etc. Bilbao, España :
Nombre del editor, distribuidor, etc. Deusto,
Fecha de publicación, distribución, etc. 1968.
300 ## - DESCRIPCIÓN FÍSICA
Extensión 330 p. :.
500 ## - NOTA GENERAL
Nota general Incluye índice alfabético.
500 ## - NOTA GENERAL
Nota general Incluye bibliografía p. [322-323].
504 ## - NOTA DE BIBLIOGRAFÍA, ETC.
Nota de bibliografía, etc. Incluye referencias bibliográficas y notas al pie de las páginas.
700 1# - PUNTO DE ACCESO ADICIONAL--NOMBRE DE PERSONA
Nombre de persona Olazábal, Tirso de,
Término indicativo de función/relación pról.
9 (RLIN) 45874
700 1# - PUNTO DE ACCESO ADICIONAL--NOMBRE DE PERSONA
Nombre de persona Arana, Ruiz de,
Término indicativo de función/relación pról.
9 (RLIN) 45875
700 1# - PUNTO DE ACCESO ADICIONAL--NOMBRE DE PERSONA
Nombre de persona Miguel Montorio, José San,
Término indicativo de función/relación tr.
9 (RLIN) 45876
Holdings
Estado de retiro Estado de pérdida Restricciones de uso No para préstamo Código de colección Localización permanente Ubicación/localización actual Ubicación en estantería Fecha de adquisición Número de inventario Total de préstamos Signatura topográfica completa Código de barras Fecha visto por última vez Precio válido a partir de Tipo de ítem Koha
        Monografías: Libros y Folletos General General En catalogación 17.09.2010 LF1   xxxx P187m 22171-10 25.06.2020 25.06.2020 Préstamo en sala

Powered by Koha